La gaia critica : politica e liberazione sessuale negli anni Settanta : scritti (1972-1983) /
Salvato in:
| Autore principale: | |
|---|---|
| Altri autori: | , |
| Natura: | Libro |
| Lingua: | italiano |
| Pubblicazione: |
Venezia :
Marsilio,
2019
|
| Serie: | Nodi
|
| Soggetti: | |
| Tags: |
Nessun Tag, puoi essere il primo ad aggiungerne!!
|
MARC
| LEADER | 00000nam a2200000 i 4500 | ||
|---|---|---|---|
| 001 | IT\ICCU\UBO\4378561 | ||
| 003 | ItRI | ||
| 005 | 20260123235026.0 | ||
| 008 | 190513s2019 it |||||| ||||| |||||c | ||
| 015 | |2 IT |a 2019-6856 | ||
| 020 | |a 9788829700288 | ||
| 040 | |b ita |c Comunitas | ||
| 041 | 7 | |a ita |2 ISO-639-2 | |
| 082 | |a 306.7660945 |2 23 | ||
| 100 | 1 | |a Mieli, Mario |0 IT\ICCU\RMLV\012797 |4 aut | |
| 245 | 1 | 3 | |a La gaia critica : |b politica e liberazione sessuale negli anni Settanta : scritti (1972-1983) / |c Mario Mieli ; a cura di Paola Mieli e Massimo Prearo. |
| 260 | |a Venezia : |b Marsilio, |c 2019 | ||
| 300 | |a 359 p. ; |c 21 cm | ||
| 650 | 7 | |a Omosessualità |x Italia |x 1972-1983 |2 nsbncf | |
| 700 | 1 | |a Prearo, Massimo |0 IT\ICCU\BCTV\009416 |4 edt | |
| 700 | 1 | |a Mieli, Paola |0 IT\ICCU\LO1V\185637 |4 edt | |
| 830 | 0 | |a Nodi |0 IT\ICCU\RAV\1324302 | |
| 942 | |2 ddc |c BK | ||
| 952 | |0 0 |1 0 |2 ddc |4 0 |6 306_766094500000000_MIE_GAI |7 0 |9 4219 |a AN |b AN |d 2025-05-06 |l 0 |o 306.7660945 MIE GAI |p 11396 |r 2025-05-06 14:55:01 |w 2025-05-06 |y BK | ||
| 952 | |0 0 |1 0 |2 ddc |4 0 |6 306_766000000000000_MIE_GAI |7 0 |9 9495 |a VT |b VT |d 2025-08-06 |e Acq. Arcigay Viterbo su donazione di Banca Lazio Nord |i B204 |l 0 |o 306.766 MIE GAI |p B204 |r 2025-08-06 17:12:07 |w 2025-08-06 |y BK |z Acq. Arcigay Viterbo su donazione di Banca Lazio Nord | ||
| 952 | |0 0 |1 0 |4 0 |6 DOC_323_326000000000000_MIE |7 0 |9 19538 |a BO |b BO |d 2026-01-15 |i 19264 |l 0 |o DOC 323.326 MIE |p BO19264 |r 2026-01-15 23:20:54 |w 2026-01-15 |x [Sebina 5] [1 v.] |y BK |z 1 v. | ||
| 981 | 1 | |6 z01 |a i |b xxxe | |
| 982 | 1 | |6 z01 |a n | |
| 999 | |c 3240 |d 3240 | ||